Normal view MARC view
  • Malaysia

Entry Geographic Name

Number of records used in: 2

001 - CONTROL NUMBER

  • control field: 8781

003 - CONTROL NUMBER IDENTIFIER

  • control field: OSt

005 - DATE AND TIME OF LATEST TRANSACTION

  • control field: 20170531143528.0

008 - FIXED-LENGTH DATA ELEMENTS

  • fixed length control field: 170531|| aca||aabn | a|a d

040 ## - CATALOGING SOURCE

  • Original cataloging agency: OSt
  • Transcribing agency: OSt

151 ## - HEADING--GEOGRAPHIC NAME

  • Geographic name: Malaysia
  • General subdivision: Exiles

670 ## - SOURCE DATA FOUND

  • Source citation: Work cat.: (OSt)0: Malaysia 400, Akta Buang Negeri, 1959 (Akta 79) & Banishment Act, 1959 (Act 79) :, 1995
Pusat Sumber Maklumat Dato' Haji Sarmin Md Hussin, Akademi Kastam Diraja Malaysia, Melaka
Tel: 06-2331106 | Faks: 06-2313787